| 000 | 00000cam 2200000zi 4500 |
| 001 | 9.955397 |
| 003 | CaOODSP |
| 005 | 20260605085844 |
| 006 | m o d f |
| 007 | cr ||||||||||| |
| 008 | 250916e20251124onc ob f000 0 eng d |
| 020 | |a9780660789958 |
| 040 | |aCaOODSP|beng|erda|cCaOODSP |
| 043 | |an-cn--- |
| 086 | 1 |aBT53-34/2025E-PDF|zBBT53-34/2025E-PDF |
| 245 | 00|aDirective on the management of projects and programmes (update). |
| 264 | 1|aOttawa, Ontario : |bTreasury Board of Canada Secretariat = Secrétariat du Conseil du trésor du Canada, |cNovember 24, 2025. |
| 264 | 4|c©2025 |
| 300 | |a1 online resource (47 pages) |
| 336 | |atext|btxt|2rdacontent |
| 337 | |acomputer|bc|2rdamedia |
| 338 | |aonline resource|bcr|2rdacarrier |
| 500 | |aTitle from cover. |
| 500 | |aIssued also in French under title: Directive sur la gestion de projets et programmes (mise a jour). |
| 504 | |aIncludes bibliographical references. |
| 520 | |a"The objective of this directive is that government projects and programmes are effectively planned, implemented, monitored and controlled, and closed to enable the realization of the expected benefits and results for Canadians"--Objectives, page 2. |
| 650 | 0|aProject management|xGovernment policy|zCanada. |
| 710 | 1 |aCanada. |bTreasury Board, |eissuing body. |
| 775 | 08|tDirective sur la gestion de projets et programmes.|w(CaOODSP)9.955398 |
| 795 | |tDirective on the management of projects and programmes.|w(CaOODSP)9.873644 |
| 856 | 40|qPDF|s970 KB|uhttps://publications.gc.ca/collections/collection_2026/sct-tbs/BT53-34-2025-eng.pdf |
| 856 | 4 |qHTML|sN/A|uhttps://www.tbs-sct.canada.ca/pol/doc-eng.aspx?id=32594 |